| 000 | 00580nam a2200157Ia 4500 | ||
|---|---|---|---|
| 008 | 230907s9999||||xx |||||||||||||| ||und|| | ||
| 082 |
_a333.9 _bAMN |
||
| 100 |
_aAmna Meer (NUST201361515MCES64113) _9116309 |
||
| 245 | 0 | _aEthanol production from local biomass (rice husk) using yeast and zymmomonas mobilis, its optimization using TiO2 and characterization using HPLC and FTIR analysis / | |
| 260 |
_aUSPCAS-E, NUST, _bIslamabad : _c2015 |
||
| 300 | _aix, 119 p. | ||
| 520 | _aTH-30 | ||
| 650 | _aMS-ESE Thesis MS Thesis | ||
| 700 |
_aDr. Ehsan Ali _928947 |
||
| 942 |
_cTHE _2ddc |
||
| 999 |
_c601709 _d601709 |
||